01472nam a2200337 i 4500003000900000005001700009007000300026008004100029020001800070040003000088082002600118100004500144245006600189250002000255264006000275300002800335336002700363337003400390338002800424500007000452500003200522504002800554590002700582650003600609910001400645942001400659952014400673952015000817952015000967999001701117DO-SdBNP20250512090830.0ta250512s2024 pr 000 0 spa d a9789945455144 aDO-SdBNPbspacBNPHUerda 4a328.1bR789r 20242441 aRosario Soto, Milton910429eautor4aut.10aReglas de procedimiento parlamentario /cMilton Rosario Soto. aSexta edición 4aSan Juan, Puerto Rico :bEditorial Isla Negra,c©2024. a229 páginas ;c23 cm. atextobtxt2rdacontent asin mediación bn2rdamedia avolumenbnc2rdacarrier aIncluye datos biográficos del autor en la solapa de la cubierta aIncluye índice temático aBibliografía : p. 229 aInventariado, 2025/ YL14aPracticas parlamentarias915805 aYLockward 2ddccLBS1 00102ddc51708PDaBNPHUbBNPHUcCTd2024-10-21eDepósito Legal l0oBNPHU PD 328.1 R789r 2024p2025-4116r2025-05-12w2025-05-12yLBS1 00102ddc51708PDaBNPHUbBNPHUcCTd2024-10-21eDepósito Legal l0oBNPHU PD 328.1 R789r 2024p2025-4117r2025-05-12te. 2w2025-05-12yLBS1 00102ddc56708DSaBNPHUbBNPHUcCTd2024-10-21eDepósito Legal l0oBNPHU DS 328.1 R789r 2024p2025-4118r2025-05-12te. 3w2025-05-12yLBS1 c58994d58994